<?xml version="1.0" encoding="UTF-8"?>
<record
    xmlns:xsi="http://www.w3.org/2001/XMLSchema-instance"
    xsi:schemaLocation="http://www.loc.gov/MARC21/slim http://www.loc.gov/standards/marcxml/schema/MARC21slim.xsd"
    xmlns="http://www.loc.gov/MARC21/slim">

  <leader>00602nam a22001937a 4500</leader>
  <controlfield tag="005">20250930121417.0</controlfield>
  <datafield tag="020" ind1=" " ind2=" ">
    <subfield code="a">9789976780833</subfield>
    <subfield code="c">TZS 10,000/=</subfield>
  </datafield>
  <datafield tag="040" ind1=" " ind2=" ">
    <subfield code="a">MCCL</subfield>
    <subfield code="b">eng.</subfield>
    <subfield code="e">AACR 2nd rev. ed.</subfield>
  </datafield>
  <datafield tag="082" ind1=" " ind2=" ">
    <subfield code="a">657.45 NAT</subfield>
  </datafield>
  <datafield tag="100" ind1=" " ind2=" ">
    <subfield code="a">NBAA</subfield>
  </datafield>
  <datafield tag="245" ind1=" " ind2=" ">
    <subfield code="a">B3  Auditing principles and practice:</subfield>
    <subfield code="c">study text/</subfield>
    <subfield code="b">National board of accountants and auditors</subfield>
  </datafield>
  <datafield tag="260" ind1=" " ind2=" ">
    <subfield code="a">Dar es salaam :</subfield>
    <subfield code="b">National board of accountants and auditors,</subfield>
    <subfield code="c">c2019.</subfield>
  </datafield>
  <datafield tag="300" ind1=" " ind2=" ">
    <subfield code="a">v, 455 p. : </subfield>
    <subfield code="b">ill. ; </subfield>
    <subfield code="c">30 cm.</subfield>
  </datafield>
  <datafield tag="546" ind1=" " ind2=" ">
    <subfield code="a">eng.</subfield>
  </datafield>
  <datafield tag="650" ind1=" " ind2=" ">
    <subfield code="a"> Auditing </subfield>
    <subfield code="z">Tanzania</subfield>
  </datafield>
  <datafield tag="650" ind1=" " ind2=" ">
    <subfield code="a">Audit concept</subfield>
    <subfield code="z">Tanzania</subfield>
  </datafield>
  <datafield tag="700" ind1=" " ind2=" ">
    <subfield code="a">NBAA</subfield>
  </datafield>
  <datafield tag="942" ind1=" " ind2=" ">
    <subfield code="c">BK</subfield>
  </datafield>
  <datafield tag="999" ind1=" " ind2=" ">
    <subfield code="c">11404</subfield>
    <subfield code="d">11404</subfield>
  </datafield>
  <datafield tag="952" ind1=" " ind2=" ">
    <subfield code="0">0</subfield>
    <subfield code="1">0</subfield>
    <subfield code="4">0</subfield>
    <subfield code="7">0</subfield>
    <subfield code="a">MU002</subfield>
    <subfield code="b">MU002</subfield>
    <subfield code="d">2022-06-01</subfield>
    <subfield code="l">0</subfield>
    <subfield code="o">657.45 NAT</subfield>
    <subfield code="p">003944</subfield>
    <subfield code="r">2025-09-30 12:12:37</subfield>
    <subfield code="t">1</subfield>
    <subfield code="w">2025-09-30</subfield>
    <subfield code="y">BK</subfield>
  </datafield>
  <datafield tag="952" ind1=" " ind2=" ">
    <subfield code="0">0</subfield>
    <subfield code="1">0</subfield>
    <subfield code="4">0</subfield>
    <subfield code="7">0</subfield>
    <subfield code="a">MU002</subfield>
    <subfield code="b">MU002</subfield>
    <subfield code="d">2022-06-01</subfield>
    <subfield code="l">0</subfield>
    <subfield code="o">657.45 NAT</subfield>
    <subfield code="p">003945</subfield>
    <subfield code="r">2025-09-30 12:12:37</subfield>
    <subfield code="t">2</subfield>
    <subfield code="w">2025-09-30</subfield>
    <subfield code="y">BK</subfield>
  </datafield>
  <datafield tag="952" ind1=" " ind2=" ">
    <subfield code="0">0</subfield>
    <subfield code="1">0</subfield>
    <subfield code="4">0</subfield>
    <subfield code="7">0</subfield>
    <subfield code="a">MU002</subfield>
    <subfield code="b">MU002</subfield>
    <subfield code="d">2022-06-01</subfield>
    <subfield code="l">0</subfield>
    <subfield code="o">657.45 NAT</subfield>
    <subfield code="p">003946</subfield>
    <subfield code="r">2025-09-30 12:12:37</subfield>
    <subfield code="t">3</subfield>
    <subfield code="w">2025-09-30</subfield>
    <subfield code="y">BK</subfield>
  </datafield>
  <datafield tag="952" ind1=" " ind2=" ">
    <subfield code="0">0</subfield>
    <subfield code="1">0</subfield>
    <subfield code="4">0</subfield>
    <subfield code="7">0</subfield>
    <subfield code="a">MU002</subfield>
    <subfield code="b">MU002</subfield>
    <subfield code="d">2022-06-01</subfield>
    <subfield code="l">0</subfield>
    <subfield code="o">657.45 NAT</subfield>
    <subfield code="p">003947</subfield>
    <subfield code="r">2025-09-30 12:12:37</subfield>
    <subfield code="t">4</subfield>
    <subfield code="w">2025-09-30</subfield>
    <subfield code="y">BK</subfield>
  </datafield>
</record>
